Nghị định của chính phủ về bảo vệ an toàn lưới điện cao áp
Na minha lista:
| Formato: | Livro |
|---|---|
| Idioma: | Undetermined |
| Publicado em: |
Hà Nội
Chính trị Quốc gia
1999
|
| Tags: |
Adicionar Tag
Sem tags, seja o primeiro a adicionar uma tag!
|
| Thư viện lưu trữ: | Trung tâm Học liệu Trường Đại học Cần Thơ |
|---|
| LEADER | 00442nam a2200133Ia 4500 | ||
|---|---|---|---|
| 001 | CTU_46736 | ||
| 008 | 210402s9999 xx 000 0 und d | ||
| 082 | |a 343.59709 | ||
| 082 | |b Ngh300/1999 | ||
| 245 | 0 | |a Nghị định của chính phủ về bảo vệ an toàn lưới điện cao áp | |
| 260 | |a Hà Nội | ||
| 260 | |b Chính trị Quốc gia | ||
| 260 | |c 1999 | ||
| 980 | |a Trung tâm Học liệu Trường Đại học Cần Thơ | ||